| 000 | 00539nam a2200205 a 4500 | ||
|---|---|---|---|
| 001 | 58685 | ||
| 003 | BD-RjUL | ||
| 005 | 20211209080640.0 | ||
| 008 | 161219s1965 mau b 001 0 eng | ||
| 035 | _a(BD-RjUL)58809 | ||
| 040 |
_aDLC _cDLC _dMYG _dBD-RjUL _beng |
||
| 041 | _aeng | ||
| 082 |
_223 _a320.5 _bCOI 1965 |
||
| 100 | 1 |
_aCorbett, Patrick _9174430 |
|
| 245 | 1 | 0 |
_aIdeologies / _cPatrick Corbett |
| 260 |
_aLondon : _bHutchinson, _c1965. |
||
| 300 |
_a222 p. ; _c22 cm. |
||
| 650 |
_aPolitical Ideology _9174431 |
||
| 942 |
_2ddc _cBK |
||
| 999 |
_c58685 _d58685 |
||